| 000 | 01004cam a2200181ua 4500 | ||
|---|---|---|---|
| 020 | _c7.40 | ||
| 041 |
_aeng _h |
||
| 082 |
_a621.873 _bIND/SA |
||
| 110 | 1 |
_aIndian Standards Institution . _b _c(New Delhi ) |
|
| 245 |
_aSafety code for working with construction machinery, IS 7293-1974 / _cIndian Standards Institution. _hTextual Documents |
||
| 250 |
_a1 / _b. |
||
| 260 |
_aNew Delhi : _bIndian Standards Institution , _c1977. |
||
| 300 | _a15 ; . | ||
| 365 | _a7.40 | ||
| 504 | _a | ||
| 942 | _cBK | ||
| 999 |
_c7707 _d7707 |
||